| 000 | 00781 a2200193 4500 | ||
|---|---|---|---|
| 008 | 080821t xxu||||| |||| 00| 0 eng d | ||
| 010 | _aENG-85060 | ||
| 020 |
_a8187326174 _c70.00 |
||
| 035 | _aEN-68593 | ||
| 037 | _bD.B.Act / Pub | ||
| 082 | _a181.499 | ||
| 100 | _aKrishnamurti, J. | ||
| 245 |
_aEducation and the significance _cby J. Krishnamurti |
||
| 260 |
_aChennai _bKrishnamurti Foundation _c2005 |
||
| 270 |
_aVasanta Vihar, 124, Greenways Road, _bChennai _cTamil Nadu _e600028 _mpublications@kfionline.org |
||
| 300 |
_a164 p. _c22 cm. (Pbk) |
||
| 942 |
_adpl _cEN _k181.499 / KRI _2ddc _h181.499 _mKRI |
||
| 999 |
_c974 _d974 |
||